| Record ID | ia:shelbysfollyjack0000kell |
| Source | Internet Archive |
| Download MARC XML | https://archive.org/download/shelbysfollyjack0000kell/shelbysfollyjack0000kell_marc.xml |
| Download MARC binary | https://www.archive.org/download/shelbysfollyjack0000kell/shelbysfollyjack0000kell_meta.mrc |
LEADER: 01794cam 2200469Ma 4500
001 ocn784576470
003 OCoLC
005 20210812001142.0
008 120327r20122010nbua b 000 0 eng d
040 $aUKMGB$beng$cUKMGB$dBTCTA$dBDX$dOCLCO$dOCLCQ$dYDXCP$dOCLCO$dOCLCF$dUKMGB
015 $aGBB233478$2bnb
016 7 $a016062802$2Uk
019 $a759915613
020 $a9780803240049$q(pbk.)
020 $a080324004X$q(pbk.)
035 $a(OCoLC)784576470$z(OCoLC)759915613
043 $an-us-mt
082 04 $a796.830922$223
100 1 $aKelly, Jason,$d1972-
245 10 $aShelby's folly :$bJack Dempsey, Doc Kearns, and the shakedown of a Montana boomtown /$cJason Kelly.
260 $aLincoln, Neb. :$bUniversity of Nebraska Press ;$aChesham :$bCombined Academic [distributor],$c2012.
300 $a1 volume :$billustrations ;$c22 cm
336 $atext$btxt$2rdacontent
337 $aunmediated$bn$2rdamedia
338 $avolume$bnc$2rdacarrier
500 $aOriginally published: 2010.
504 $aIncludes bibliographical references.
600 10 $aDempsey, Jack,$d1895-1983.
600 10 $aKearns, Jack,$d1882-1963.
600 17 $aDempsey, Jack,$d1895-1983.$2fast$0(OCoLC)fst00037414
600 17 $aKearns, Jack,$d1882-1963.$2fast$0(OCoLC)fst01926505
650 0 $aBoxing$zMontana$zShelby$xHistory.
650 0 $aBoxing$xEconomic aspects$zMontana$zShelby.
650 7 $aBoxing.$2fast$0(OCoLC)fst00837290
651 7 $aMontana$zShelby.$2fast$0(OCoLC)fst01253969
655 7 $aHistory.$2fast$0(OCoLC)fst01411628
938 $aBrodart$bBROD$n13764713$c$16.95
938 $aBaker and Taylor$bBTCP$nBK0010297922
938 $aYBP Library Services$bYANK$n7392367
029 1 $aUKMGB$b016062802
994 $aZ0$bP4A
948 $hNO HOLDINGS IN P4A - 8 OTHER HOLDINGS